Afrikanische Länder mit 20 Millionen Einwohnern - Sudden Death - Statistiken

Allgemein
  • Dieses Quiz wurde 1.536 mal gespielt
  • Das Durchschnittsergebnis liegt bei 7 aus 23
Answers on the Grid
Answers color-coded by a green-red scale on the quiz's grid according to % correct below.
Ägypten
Algerien
Angola
Äquatorialguinea
Äthiopien
Benin
Botswana
Burkina Faso
Burundi
Demokratische Republik Kongo
Dschibuti
Elfenbeinküste
Eritrea
Eswatini
Gabun
Gambia
Ghana
Guinea
Guinea-Bissau
Kamerun
Kap Verde
Kenia
Komoren
Lesotho
Liberia
Libyen
Madagaskar
Malawi
Mali
Marokko
Mauretanien
Mauritius
Mosambik
Namibia
Niger
Nigeria
Republik Kongo
Ruanda
Sambia
São Tomé und
Principe
Senegal
Seychellen
Sierra Leone
Simbabwe
Somalia
Südafrika
Sudan
Südsudan
Tansania
Togo
Tschad
Tunesien
Uganda
Zentralafrikanische Republik
 
Antwortstatistiken
Antwort % Korrekt
Ägypten
92%
Demokratische Republik Kongo
69%
Algerien
65%
Äthiopien
64%
Nigeria
55%
Südafrika
48%
Kenia
45%
Marokko
41%
Ghana
37%
Angola
32%
Elfenbeinküste
29%
Kamerun
29%
Sudan
23%
Tansania
23%
Niger
17%
Uganda
14%
Madagaskar
12%
Mali
12%
Mosambik
11%
Burkina Faso
6%
Sambia
6%
Tschad
6%
Malawi
3%
Keine übereinstimmenden Quizze gefunden
Verteilung der Resultate
Anzahl Personen mit jedem Resultat
Perzentil nach korrekt beantworteten Fragen
Ihre Resultats-Entwicklung
Sie haben dieses Quiz noch nicht gespielt